| 000 | 00562nam a2200205 a 4500 | ||
|---|---|---|---|
| 008 | |||
| 020 | _a8170003083(pbk.) | ||
| 049 | _aMAIN | ||
| 090 |
_aZ665 _bISA |
||
| 100 | 1 | _aIsaac, K.A. | |
| 245 | 1 | 0 |
_aGlimpses of library and information science / _cK.A. Isaac. |
| 260 |
_aNew Delhi : _bEss Ess Publications, _c2001. |
||
| 300 |
_a223 p. ; _c22 cm. |
||
| 500 | _aIncludes index. | ||
| 907 |
_a.b1020460x _b11-11-16 _c07-06-06 |
||
| 003 | |||
| 005 | 20230123134219.0 | ||
| 040 | _cNUST | ||
| 942 |
_cBOOKS _kZ665 _mISA |
||
| 999 |
_c161999 _d161999 |
||